| 000 | 01471nam a22002297a 4500 | ||
|---|---|---|---|
| 999 |
_c58175 _d58175 |
||
| 003 | Ge_BSU | ||
| 005 | 20210723162442.0 | ||
| 008 | 210723s2021 ge ||||| |||| 00| 0 geo d | ||
| 020 | _a9789941830426 | ||
| 041 | _ageo | ||
| 080 | _a81'374.822=163.2=353.1 კ-67 | ||
| 245 |
_aბულგარულ-ქართული და ქართულ-ბულგარული ლექსიკონი / _cშემდგ. ივანა კოლევა, ვალენტინ მიტევი, სოფია გოდუაძე-მიტევა, ნანა ჩქარეული. |
||
| 264 |
_aთბილისი : _bBook Fabrika, _c2021. |
||
| 300 |
_a208 გვ _b14 სმ. |
||
| 500 | _aგამოცემულია ბულგარეთის რესპუბლიკის საელჩოს ინიციატივით ხელშეწყობით | ||
| 653 | _aბულგარულ-ქართული და ქართულ-ბულგარული ლექსიკონი | ||
| 700 |
_aკოლევა, ივანა _eშემდგენელი _912324 |
||
| 700 |
_aმიტევი, ვალენტინ _eშემდგენელი _912325 |
||
| 700 |
_aგოდუაძე-მიტევა, სოფია _eშემდგენელი _912326 |
||
| 700 |
_aჩქარეული, ნანა _eშემდგენელი _912327 |
||
| 942 |
_2udc _cBK |
||